| 000 | 01177nam0a22003131 4500 | ||
|---|---|---|---|
| 001 | RU\INFOCOMM_327\NLR\5000086123 | ||
| 005 | 20250614080933.0 | ||
| 035 | _a(NLR Aleph) 010623120 | ||
| 090 |
_a10609529 _c10609529 |
||
| 100 | _a20130328d1968 |||y0rusy50 ca | ||
| 101 | 0 | _aeng | |
| 102 | _aRU | ||
| 105 | _ay z|||| | ||
| 200 | 1 |
_aApproaches to the study of plague vector control under field conditions _fYu. V. Rudenchik, B. M. Kasatkin _gUSSR Min. of public health. Central inst. for advanced med. studies. - World health organisation. Inter-regional travelling seminar on plague control |
|
| 210 |
_aM. _d1968 |
||
| 215 |
_a[2], 16 Ñ. _d21 Ñм |
||
| 309 | _aÐÑпеÑ. множиÑ. аппаÑаÑом | ||
| 620 | _aÐоÑква | ||
| 686 |
_aÐе3-1290 _2rubbk |
||
| 686 |
_aÂ[ÂÐ 194.78-394.8] _2rubbk |
||
| 700 | 1 |
_9z01790 _aRudenÄik _bJu. V. |
|
| 701 | 1 |
_aKasatkin _bB. M. |
|
| 712 | 0 | 2 |
_aWorld health organisation _bInter-regional travelling seminar on plague control _f1968 _4570 |
| 790 | 1 |
_9z01700 _aRudenchik _bYu. V. _4070 |
|
| 801 | 1 |
_aRU _bInfocomm _c20130328 |
|
| 801 | 0 |
_aRU _bINFOCOMM _gPSBO |
|
| 852 |
_aNLR _jÐд97 Ð-4/107 |
||
| 942 | _cBOOK | ||
| 980 | _aNB | ||